Страны в 1444 году. - Statistics

General Stats
  • This quiz has been taken 2 952 times
  • The average score is 36 of 536
Answers on the Map
Answers color-coded by a green-red scale on the quiz's map according to % correct below.
 
Answer Stats
Country % Correct
Норвегия
71%
Швеция
71%
Англия
70%
Франция
69%
Португалия
64%
Шотландия
60%
Дания
58%
Польша
55%
Москва
54%
Венгрия
53%
Литва
53%
Новгород
53%
Византия
50%
Крым
50%
У
50%
Монголия
48%
Австрия
47%
Сербия
42%
Корея
41%
Босния
37%
Бавария
35%
Албания
34%
Грузия
33%
Венеция
33%
Арагон
31%
Кастилия
31%
Османы
31%
Казань
30%
Бретань
29%
Кипр
29%
Ливонский Орден
29%
Мин
29%
Неаполь
29%
Псков
29%
Папская область
29%
Марокко
28%
Рязань
28%
Швейцария
28%
Богемия
27%
Молдавия
27%
Тевтонский орден
27%
Ацтеки
24%
Милан
24%
Ногай
24%
Саксония
24%
Тунис
24%
Тверь
24%
Эфиопия
23%
Генуя
23%
Кам
23%
Афины
22%
Рига
22%
Со
22%
Гамбург
21%
Голландия
21%
Мали
21%
Мамлюки
21%
Пермь
21%
Бранденбург
20%
Бургундия
20%
Большая Орда
20%
Оман
20%
Силезия
20%
Узбеки
19%
Йемен
19%
Тимуриды
18%
Ярославль
18%
Флоренция
17%
Гранада
17%
Померания
17%
Ростов
17%
Наварра
16%
Дели
15%
Прованс
15%
Афганистан
13%
Бремен
13%
Бутан
12%
Чукчи
12%
Кри
12%
Франкфурт
12%
Зальцбург
12%
Бруней
11%
Черкессия
11%
Кёльн
11%
Фландрия
11%
Гольштейн
11%
Конг
11%
Лотарингия
11%
Мазовия
11%
Савойя
11%
Ойраты
10%
Феодоро
10%
Токи
10%
Валлахия
10%
Айны
9%
Андо
9%
Ава
9%
Бело Озеро
9%
Бенгалия
9%
Буха
9%
Мальдивы
9%
Эльзас
8%
Ак Коюнлу
8%
Баден
8%
Чагатай
8%
Ирокезы
8%
Камчадалы
8%
Караман
8%
Лукка
8%
Медина
8%
Кара Коюнлу
8%
Бенин
7%
Хиджаз
7%
Гессен
7%
Кашмир
7%
Конго
7%
Любек
7%
Мекленбург
7%
Ода
7%
Одоев
7%
Ширван
7%
Трапезунд
7%
Аугсбург
6%
Белуджистан
6%
Бурунди
6%
Куба
6%
Майнц
6%
Малакка
6%
Нюрнберг
6%
Руанда
6%
Токугава
6%
Ольстер
6%
Вюртемберг
6%
Ахен
5%
Аден
5%
Ангальт
5%
Апачи
5%
Аютия
5%
Брабант
5%
Чероки
5%
Дай Вьет
5%
Фарс
5%
Феррара
5%
Фрисландия
5%
Гуджарат
5%
Имеретия
5%
Кхмеры
5%
Хорасан
5%
Магдебург
5%
Мюнстер
5%
Ольденбург
5%
Рагуза
5%
Сиена
5%
Сиу
5%
Госпитальеры
5%
Пфальц
5%
Ульм
5%
Урбино
5%
Адаль
4%
Авария
4%
Бахмани
4%
Черноногие
4%
Брауншвейг
4%
Куско
4%
Восточная Фризия
4%
Ормуз
4%
Хула
4%
Карабах
4%
Льеж
4%
Маджапахит
4%
Мантуя
4%
Нассау
4%
Невер
4%
Оттава
4%
Рамазан
4%
Синд
4%
Сонгай
4%
Тлемсен
4%
Виджаянагар
4%
Яркенд
4%
Абенаки
3%
Аджам
3%
Ансбах
3%
Асикага
3%
Тямпа
3%
Корфу
3%
Крик
3%
Десмонд
3%
Дитмаршен
3%
Феццан
3%
Хаса
3%
Уаштеки
3%
Гуроны
3%
Ичма
3%
Иллинойсы
3%
Имерина
3%
Ито
3%
Килва
3%
Котте
3%
Лан Санг
3%
Люнебург
3%
Мараккеш
3%
Мевар
3%
Монферрат
3%
Неджд
3%
Навахо
3%
Орисса
3%
Ойо
3%
Шошоны
3%
Систан
3%
Сус
3%
Королевство Островов
3%
Трансоксания
3%
Трир
3%
Уэсуги
3%
Утрехт
3%
Вюрцбург
3%
Яо
3%
Аджуран
2%
Аназа
2%
Аракан
2%
Аравак
2%
Ардебиль
2%
Ардалан
2%
Ассам
2%
Битлис
2%
Буганда
2%
Джандар
2%
Карибы
2%
Чавчувены
2%
Шайенн
2%
Чиба
2%
Чичимеки
2%
Чикасо
2%
Чиму
2%
Клеве
2%
Команчи
2%
Дате
2%
Джерид
2%
Дулкадир
2%
Фадль
2%
Фокс
2%
Газикумух
2%
Гельдерн
2%
Гилян
2%
Гуге
2%
Хайда
2%
Хайси
2%
Хасанкейф
2%
Хосокава
2%
Имагава
2%
Джафна
2%
Джаунпур
2%
Джолоф
2%
Качар
2%
Каффа
2%
Кале
2%
Канди
2%
Кано
2%
Кара Дел
2%
Катманду
2%
Ходынцы
2%
Коч
2%
Коно
2%
Хорчины
2%
Куч
2%
Лан На
2%
Лейнстер
2%
Лоанго
2%
Луба
2%
Луристан
2%
Махра
2%
Мальва
2%
Майами
2%
Могадишо
2%
Момбаса
2%
Мултан
2%
Мушаша
2%
Майсур
2%
Мзаб
2%
Наксос
2%
Нивхи
2%
Нупе
2%
Пегу
2%
Кито
2%
Рассиды
2%
Рюкю
2%
Шаммар
2%
Слайго
2%
Солоны
2%
Сунда
2%
Такеда
2%
Томонд
2%
Цанг
2%
Тё
2%
Тирон
2%
Венад
2%
Ферден
2%
Ямана
2%
Яс
2%
Агадес
1%
Алодия
1%
Амаго
1%
Андхра
1%
Антеморо
1%
Арапаго
1%
Ассинибоайн
1%
Багхейл Ханд
1%
Баглана
1%
Бастар
1%
Бежа
1%
Бецимарка
1%
Биях Пас
1%
Вишнупур
1%
Бономан
1%
Бунделкханд
1%
Буньоро
1%
Бусога
1%
Бутон
1%
Бутуа
1%
Каддо
1%
Кахамарка
1%
Кальчаки
1%
Каликут
1%
Кан Печ
1%
Себу
1%
Чачапойа
1%
Четумаль
1%
Чанда
1%
Чарка
1%
Чарруа
1%
Чинук
1%
Чокто
1%
Чокве
1%
Чорти
1%
Кланрикард
1%
Кокомы
1%
Колима
1%
Колла
1%
Дагбон
1%
Дагомеи
1%
Дамот
1%
Данг
1%
Давасир
1%
Дхундхар
1%
Дунхай
1%
Донгола
1%
Доти
1%
Эннарея
1%
Гарха
1%
Гархвал
1%
Гарджат
1%
Горха
1%
Гуамар
1%
Гуарани
1%
Гвалиор
1%
Хадия
1%
Хадоти
1%
Хадрамут
1%
Хатакеяма
1%
Хсенви
1%
Хсипау
1%
Идар
1%
Ишики
1%
Ица
1%
Джангладеш
1%
Джанджиро
1%
Дженне
1%
Джейпур
1%
Цзянджоу
1%
Джумла
1%
Калаханди
1%
Калинджар
1%
Кальпи
1%
Канем Борну
1%
Кангра
1%
Какчикели
1%
Карагве
1%
Касандже
1%
Кацина
1%
Казембе
1%
Кедах
1%
Керес
1%
Хандеш
1%
Киче
1%
Кикучи
1%
Килдэр
1%
Киова
1%
Китабатаке
1%
Кочин
1%
Колатунад
1%
Кумаон
1%
Кутай
1%
Ладакх
1%
Ленапе
1%
Лигор
1%
Лимбуван
1%
Липан
1%
Лунда
1%
Лунду
1%
Луву
1%
Мачина
1%
Мадурай
1%
Мадьяс
1%
Минданао
1%
Махафали
1%
Магикане
1%
Макассар
1%
Макуа
1%
Мукурра
1%
Малинди
1%
Манипур
1%
Мапуче
1%
Марави
1%
Марехан
1%
Майнила
1%
Мазандаран
1%
Медри Бахри
1%
Мемминген
1%
Меват
1%
Миклаф
1%
Микмаки
1%
Мискито
1%
Миштеки
1%
Монг Кванг
1%
Монг Мао
1%
Монг Най
1%
Монг Пай
1%
Монг Янг
1%
Мосси
1%
Муиска
1%
Мутапа
1%
Нагаур
1%
Наджран
1%
Нанбу
1%
Ндонго
1%
Анколе
1%
Оффали
1%
Огасава
1%
Оджибве
1%
Ормонд
1%
Отоми
1%
Отомо
1%
Ооти
1%
Пасайя
1%
Пагаруйун
1%
Палембанг
1%
Палитана
1%
Пангасинан
1%
Пасай
1%
Пате
1%
Патна
1%
Паттани
1%
Пауни
1%
Пекоты
1%
Пима
1%
Порбандар
1%
Потигуара
1%
Проме
1%
Пуэбло
1%
Ревенсбург
1%
Садия
1%
Сакалава
1%
Салиш
1%
Сарыг Югур
1%
Сатаке
1%
Саксен-Лауэнбург
1%
Шауни
1%
Сиба
1%
Симадзу
1%
Шони
1%
Сиак
1%
Сирхинд
1%
Сирмур
1%
Софала
1%
Сукотай
1%
Сулу
1%
Тафилальт
1%
Тайрона
1%
Тапуя
1%
Тараскан
1%
Таунгу
1%
Тернате
1%
Тидоре
1%
Тимбукту
1%
Тирхут
1%
Тлашкала
1%
Тонда
1%
Тотонаки
1%
Туггурт
1%
Трипура
1%
Цуцуи
1%
Тумбука
1%
Тупинамба
1%
Тирконел
1%
Цоцили
1%
Удеге
1%
Уцуномия
1%
Ванка
1%
Варсангали
1%
Валайта
1%
Вичита
1%
Халиско
1%
Яка
1%
Якуй
1%
Ерен
1%
Йокотан
1%
Йокуты
1%
Сапотеки
1%
Зариа
1%
Зуни
1%
Коитлахуака
0%
Джейсалмер
0%
Джхалавад
0%
Джарханд
0%
Джунагатх
0%
Калундве
0%
Кеонджар
0%
Киконджа
0%
Матлацинка
0%
Мескалеро
0%
Осаге
0%
Парлакхемунди
0%
Потаватоми
0%
Поухатаны
0%
Ратанпур
0%
Рева Канта
0%
Самцсхе
0%
Саскуеханнок
0%
Талингана
0%
Теотитлан
0%
Тлапанеки
0%
Тонала
0%
Тупиникимы
0%
No matching quizzes found
Score Distribution
Percent of People with Each Score
Percentile by Number Answered
Your Score History
You have not taken this quiz